IT innovacii v processe obučenija. Gejmifikacija - igra kak motivacionnyj instrument obučenija

Využitie informačných a komunikačných technológií vo vzdelávaní. Nová kvalita vo vzdelávaní. Gemifikácia ako motivačný nástroj pre učenie.

Salvato in:
Dettagli Bibliografici
Autore principale: Kultan, Jaroslav, 1960-
Altri autori: Schmidt, Peter, 1968-, Muchambetova, M., Gumilyov, L.N
Natura: Capitolo di libro
Lingua:russo
Soggetti:
Tags: Aggiungi Tag
Nessun Tag, puoi essere il primo ad aggiungerne!!

MARC

LEADER 00000naa$a2200000$$$4500
001 0261359
005 20240502083750.0
041 0 |a rus 
044 |a RU 
245 1 0 |a IT innovacii v processe obučenija. Gejmifikacija - igra kak motivacionnyj instrument obučenija  |c Ja. Kultan, P. Schmidt, M. Muchambetova, L.N. Gumilyov 
520 |a Využitie informačných a komunikačných technológií vo vzdelávaní. Nová kvalita vo vzdelávaní. Gemifikácia ako motivačný nástroj pre učenie. 
610 2 0 |a technológie informačné 
610 2 0 |a technológie komunikačné 
610 2 0 |a vzdelávanie 
610 2 0 |a vzdelávanie elektronické 
610 2 0 |a hry 
610 2 0 |a motivácia 
610 2 0 |a kvalita vzdelávania 
100 1 |a Kultan, Jaroslav, 1960- 
700 1 |a Schmidt, Peter, 1968- 
700 1 |a Muchambetova, M. 
700 1 |a Gumilyov, L.N.